000
00250nam a22001217a 4500
008
181129b xxu||||| |||| 00| 0 eng d
041
_a
eng
080
_a
043.3
100
_a
0
101
_a
BTH-ARK
245
_a
Cerdhe
_c
Bytyqi, B
942
_2
udc
_c
BK
999
_c
52655
_d
52655